000 00260nam a22001217a 4500
041 _aENG
100 _aLevine .J.R
245 _aAdvanced Unix For Dummies
260 _aDelhi
_bIDG
_c1999
300 _a366
650 _aComputer (22)
856 _uComputer (22)
999 _c3015
_d3015